Ugly Bugs Horrible Science Not A Pretty Sight (Record no. 586290)
[ view plain ]
| 000 -LEADER | |
|---|---|
| fixed length control field | 00350nam a22001337a 4500 |
| 020 ## - INTERNATIONAL STANDARD BOOK NUMBER | |
| International Standard Book Number | 9780439944526 |
| 040 ## - CATALOGING SOURCE | |
| Transcribing agency | NUST |
| 082 ## - DEWEY DECIMAL CLASSIFICATION NUMBER | |
| Classification number | 823-CH |
| Author Mark | ARN |
| 100 ## - MAIN ENTRY--PERSONAL NAME | |
| Personal name | Arnold, Nick |
| 9 (RLIN) | 81927 |
| 110 ## - MAIN ENTRY--CORPORATE NAME | |
| Corporate name or jurisdiction name as entry element | Saulles, Tony De |
| 9 (RLIN) | 81928 |
| 245 ## - TITLE STATEMENT | |
| Title | Ugly Bugs Horrible Science Not A Pretty Sight |
| 260 ## - PUBLICATION, DISTRIBUTION, ETC. | |
| Place of publication, distribution, etc. | London: |
| Name of publisher, distributor, etc. | Scholastic Ltd , |
| Date of publication, distribution, etc. | 2008. |
| 942 ## - ADDED ENTRY ELEMENTS (KOHA) | |
| Source of classification or shelving scheme | |
| Koha item type | Book |
| Withdrawn status | Lost status | Source of classification or shelving scheme | Damaged status | Not for loan | Permanent Location | Current Location | Shelving location | Date acquired | Shelving control number | Full call number | Barcode | Date last seen | Price effective from | Koha item type | Public note |
|---|---|---|---|---|---|---|---|---|---|---|---|---|---|---|---|
| College of Electrical & Mechanical Engineering (CEME) | College of Electrical & Mechanical Engineering (CEME) | Fiction | 08/30/2021 | English Literature | 823-CH ARN | CEME-50424 | 08/30/2021 | 08/30/2021 | Book | CART-4 |
